[Event "Angers op 5th"]
[Site "Angers"]
[Date "2010.04.24"]
[Round "3"]
[White "Gazagnes, Jacques"]
[Black "Grandi, Paul"]
[Result "0-1"]
[WhiteElo "1541"]
[BlackElo "1850"]
[PlyCount "78"]
[EventDate "2010.04.23"]
[EventType "swiss"]
[EventRounds "6"]
[EventCountry "FRA"]
[SourceTitle "EXT 2011"]
[Source "ChessBase"]
[SourceDate "2010.11.26"]
[SourceVersion "1"]
[SourceVersionDate "2010.11.26"]
[SourceQuality "1"]

1. d4 Nf6 2. Nf3 c5 3. c3 cxd4 4. Nxd4 Nc6 5. e3 d6 6. h3 g6 7. Bb5 Bd7 8. Be2 Bg7 9. 0-0 0-0 10. Bf3 d5 11. Nd2 e5 12. Nxc6 bxc6 13. e4 Qb6 14. Qc2 Be6 15. Rd1 Rad8 16. Nf1 c5 17. Bg5 d4 18. Bxf6 Bxf6 19. c4 Rb8 20. Rab1 Bg5 21. Rd3 a5 22. Rb3 Qa6 23. Rxb8 Rxb8 24. Be2 a4 25. Nh2 Rb4 26. b3 axb3 27. axb3 f5 28. f3 fxe4 29. fxe4 Rb7 30. Ng4 Bxg4 31. Bxg4 Rf7 32. Qd1 Qf6 33. Bf3 Be3+ 34. Kh1 Qh4 35. Ra1 Qg3 36. Qe2 Bf4 37. Ra8+ Kg7 38. Kg1 Qh2+ 39. Kf2 Be3+ 0-1

[Event "Angers op 4th"]
[Site "Angers"]
[Date "2009.04.17"]
[Round "1"]
[White "David, Jean Luc"]
[Black "Gazagnes, Jacques"]
[Result "1-0"]
[WhiteElo "1721"]
[BlackElo "1557"]
[PlyCount "51"]
[EventDate "2009.04.17"]
[EventType "swiss"]
[EventRounds "6"]
[EventCountry "FRA"]
[SourceTitle "CBM 129 Extra"]
[Source "ChessBase"]
[SourceDate "2009.05.05"]
[SourceVersion "2"]
[SourceVersionDate "2009.05.20"]
[SourceQuality "1"]

1. d4 Nf6 2. Nc3 b6 3. e4 d6 4. Bg5 e6 5. Qf3 Be7 6. Bxf6 Bb7 7. Bxe7 Qxe7 8. 0-0-0 Nd7 9. Nh3 h6 10. d5 e5 11. Bb5 0-0-0 12. Bxd7+ Qxd7 13. Qf5 Qxf5 14. exf5 Kb8 15. f4 Rhe8 16. Rhe1 f6 17. Re2 Re7 18. fxe5 fxe5 19. Nf4 Rf7 20. Ng6 Re8 21. g4 Ba6 22. Re4 Bc8 23. b4 a6 24. h4 h5 25. Nf4 hxg4 26. Ne6 1-0